000 00823nam a2200265 a 4500
001 vtls000968945
003 NLI
005 20210627095152.0
008 120112s1899 enkab 001 0 eng
039 9 _y201201121806
_zEntertech_02
040 0 _aNLI
_beng
_cEntertech-FY 2010
_eAACR2
041 0 _aeng
044 _aenk
084 _a98.D.1
100 1 _aHeilprin, Angelo,
_d1853-1907
_9909679
245 1 0 _aAlaska and the Klondike :
_ba journey to the new eldorado with hints to the traveller /
_Angelo Heilprin
260 _aLondon :
_bC. Arthur pearson,
_c1899
300 _ax, 315 p. :
_bill, map ;
_c19 cm.
500 _aIndex present
651 0 _aAlaska
_xDescription and travel
_9699401
887 _a
901 _aIMP54863 :
_b18.08.2010
902 _a98.D.1
999 _aVIRTUA
_c793246
_d793246
942 _2ddc
_cBKS